Divadelný mág

Titel: Divadelný mág : Jozef Bednárik / Vladimír Štefko, Ida Hledíková, Stanislav Bachleda, Klára Madunická
Verfasser: ; ; ;
Ausgabe: 1. vydanie
Veröffentlicht: Bratislava : Divadelný ústav, 2024
Umfang: 477 Seiten : Illustrationen
Format: Buch
Sprache: Slowakisch
Schriftenreihe/
mehrbändiges Werk:
Edícia Osobnosti
Schlagworte:
ISBN: 9788081901096
Buchumschlag
X
alg: 52505941
001A    $03004:06-01-25 
001B    $00030:13-05-25 $t09:24:44.000 
001D    $03004:21-01-25 
001U    $0utf8 
001X    $00 
002@    $0Aau 
002C    $aText $btxt $2rdacontent 
002D    $aohne Hilfsmittel zu benutzen $bn $2rdamedia 
002E    $aBand $bnc $2rdacarrier 
003@    $0525059415 
004A    $A978-80-8190-109-6 
007A    $0525059415 $aHEB 
007G    $0DE0201BEED5813F278CD3C1258C2F004552D9 
009P    $qapplication/pdf $A2 $3Inhaltsverzeichnis $uhttp://scans.hebis.de/HEBCGI/show.pl?52505941_toc.pdf $mV:DE-603;B:DE-Mb50 
010@    $aslo 
010E    $erda 
011@    $a2024 
013D    $RBiograf $RLebenslauf $RBiografik $#Biographies $#Biography $#Biographies -- Histoire et critique $#Biographie $#Biographisches Nachschlagewerk $#Lebensbeschreibung $#Berühmte Persönlichkeit Biografie $#Biografisches Nachschlagewerk $74006804-3 $8Biografie [Ts1] $9085010375 
021A    $aDivadelný mág $dJozef Bednárik $hVladimír Štefko, Ida Hledíková, Stanislav Bachleda, Klára Madunická 
028A    $BVerfasser $4aut $8Štefko, Vladimír$Z1942- [Tp3] $9445844531 
028C    $BVerfasser $#Polívková, Ida Hledíková $4aut $713334164X $8Hledíková-Polívková, Ida$Z1958- [Tp3] $9190091266 
028C    $BVerfasser $4aut $7116417701X $8Bachleda, Stanislav$Z1943- [Tp1] $9434710563 
028C    $BVerfasser $4aut $7 $8Madunická, Klára [Tnu] $9527552798 
032@    $a1. vydanie 
033A    $pBratislava $nDivadelný ústav 
034D    $a477 Seiten 
034M    $aIllustrationen 
036G    $aEdícia Osobnosti 
037A    $aLiteraturangaben 
044K    $71353979997 $8Bednárik, Jozef$Z1947-2013 [Tp1] $9525456554 
045F    $a792.0943730904 $eDDC23BSB 
045F/01 $a792 
045F/03 $f0904 
045F/03 $f0905 
045F/03 $g4373 
045R    $aIdeengeschichte 1947-2013 
046L    $aText slowakisch; mit englischer Zusammenfassung 

lok: 52505941 3
101B    $028-04-25 $t12:25:14.000 
101C    $021-02-25 
101U    $0utf8 
144Z/20 $at25apr 
145S/01 $a931 

exp: 52505941 3 1 #EPN
201B/01 $021-02-25 $t14:40:58.000 
201C/01 $014-01-25 
201U/01 $0utf8 
203@/01 $01289191263 
208@/01 $a21-02-25 $bzAa 
209A/01 $aQ 91.557.94 $du $f000 $hQ 91 557 94 $x00 
209G/01 $a91557940 $x00 
247C/01 $8601000-3 <30>Frankfurt, Universitätsbibliothek J. C. Senckenberg, Zentralbibliothek (ZB) $9102598258 

lok: 52505941 24

exp: 52505941 24 1 #EPN
201B/01 $021-01-25 $t15:41:09.000 
201C/01 $006-01-25 
201U/01 $0utf8 
203@/01 $01287949703 
208@/01 $a16-01-25 $bz 
209A/01 $a24.08534 $du $f050 $h24 08534 $x00 
209C/01 $a24.08534 K $h24 08534 K 
209G/01 $a74850367 $x00 
220C/01 $akoe 
247C/01 $8358050-7 Marburg, Bibliothek des Herder-Instituts Marburg $9102600961
LEADER 00000cam a2200000 c 4500
001 525059415
003 DE-603
005 20250513092444.0
007 tu
008 250106s2024 xx |||| | u00||u|slo c
020 |a 9788081901096 
035 |a (DE-599)HEB525059415 
040 |a DE-603  |b ger  |c DE-603  |d DE-603  |e rda 
041 |a slo 
082 0 4 |8 1\u  |a 792.0943730904  |q DE-101  |2 23/BSB 
085 |8 1\u  |b 792 
085 |8 1\u  |z 1  |s 0904 
085 |8 1\u  |z 1  |s 0905 
085 |8 1\u  |z 2  |s 4373 
100 1 |a Štefko, Vladimír  |d 1942-  |e Verfasser  |4 aut  |0 (DE-603)445844531  |0 (DE-588)117993699X  |2 gnd 
245 0 0 |a Divadelný mág  |b Jozef Bednárik  |c Vladimír Štefko, Ida Hledíková, Stanislav Bachleda, Klára Madunická 
250 |a 1. vydanie 
264 1 |a Bratislava  |b Divadelný ústav  |c 2024 
300 |a 477 Seiten  |b Illustrationen 
336 |a Text  |b txt  |2 rdacontent 
337 |a ohne Hilfsmittel zu benutzen  |b n  |2 rdamedia 
338 |a Band  |b nc  |2 rdacarrier 
490 0 |a Edícia Osobnosti 
500 |a Literaturangaben 
546 |a Text slowakisch; mit englischer Zusammenfassung 
600 1 7 |a Bednárik, Jozef  |d 1947-2013  |0 (DE-588)1353979997  |0 (DE-603)525456554  |2 gnd 
648 7 |a Ideengeschichte 1947-2013  |2 gnd 
655 7 |a Biografie  |2 gnd-content  |0 (DE-588)4006804-3  |0 (DE-603)085010375 
700 1 |a Hledíková-Polívková, Ida  |d 1958-  |e Verfasser  |4 aut  |0 (DE-603)190091266  |0 (DE-588)13334164X  |2 gnd 
700 1 |a Bachleda, Stanislav  |d 1943-  |e Verfasser  |4 aut  |0 (DE-603)434710563  |0 (DE-588)116417701X  |2 gnd 
700 1 |a Madunická, Klára  |e Verfasser  |4 aut  |0 (DE-603)527552798 
856 4 2 |m V:DE-603;B:DE-Mb50  |q application/pdf  |u http://scans.hebis.de/HEBCGI/show.pl?52505941_toc.pdf  |3 Inhaltsverzeichnis 
924 0 |9 30  |a (DE-603)1289191263  |b DE-30  |c HES  |d c  |g Q 91.557.94 
924 0 |9 Mb 50  |a (DE-603)1287949703  |b DE-Mb50  |c HES  |d c  |g 24.08534